00688nam a2200241 a 4500001001300000003000900013005001700022008004100039020001200080082001600092100001900108245002600127260003400153300000900187500003500196505002500231650002400256700001900280902000800299942000700307952011700314999001500431nice12345678IN_TiNIC20260116012610.0050524s1970 newa grp 000 0 eng  ac182.500a248.32bELL aEllul, Jacques aPrayer and Modern Man aNew YorkbSeabury Pressc1970 a178p aincludes index and biblioraphy2 aChronological Tables aPrayer-Christianity1 aEllul, Jacques bSRS cBK 001040708StackRoom-aHMIbHMId2007-07-06g182.50l0o248.32 ELLp010566r2007-07-06v182.50w2005-05-24yBK c7613d7613